000 00664nam a2200193 a 4500
005 20140412111310.0
008 010320s19uu xx 00 eng d
020 _a0-06-020361-7
050 _aER
_bTh32 1989
100 _aBaer, Gene, 1927
245 _athump, thump, rat-a-tat-tat /
_cGene Baer; illustrated by Lois Ehlert.
260 _a[s.l.] :
_bHarperTrophy,
_c1989.
300 _a1 v. (unp.) ; ill.
500 _aA Charlotte Zolotow book
520 _aA distant marching band grows larger and louder as nit nears, and then softer and smaller as it goes away again.
650 _aBands (Music) - Fiction
650 _aSound - Fiction
999 _c103959
_d103959